000 00551nam a22001817a 4500
005 20251108171744.0
008 250721s1986 xx 000 0 ara d
082 1 4 _a025.43/رنج
100 1 _aرنجاناثان، ش.ر.
245 1 0 _aمبادئ تصنيف المكتبات /
264 1 _aالرياض :
_bدار المريخ للنشر،
_c1986.
300 _a269ص
650 1 7 _aالتصنيف العشري
650 1 7 _aالمكتبات
700 1 _aالحلوة، حسن علي حسن
_eترجمة
942 _2ddc
_cBK
999 _c61721
_d61721